|
|
|
|
| LEADER |
00000nam0a2200000 4500 |
| 001 |
271930 |
| 005 |
20231101234501.0 |
| 035 |
|
|
|a (RuTPU)RU\TPU\book\295134
|
| 090 |
|
|
|a 271930
|
| 100 |
|
|
|a 20141014d1986 m y0rusy50 ca
|
| 101 |
0 |
|
|a rus
|
| 102 |
|
|
|a RU
|
| 105 |
|
|
|a a j 001zy
|
| 200 |
1 |
|
|a Литология
|e учебное пособие
|f Э. Ф. Емлин
|g Свердловский горный институт им. В. В. Вахрушева
|
| 210 |
|
|
|a Свердловск
|c Изд-во СГИ
|d 1986
|
| 215 |
|
|
|a 88 с.
|c ил.
|
| 320 |
|
|
|a Библиогр.: с. 88
|
| 606 |
1 |
|
|a Горные породы
|x Литология
|2 stltpush
|3 (RuTPU)RU\TPU\subj\66087
|9 82317
|
| 610 |
1 |
|
|a гипергенез
|
| 610 |
1 |
|
|a почвы
|
| 610 |
1 |
|
|a строение
|
| 610 |
1 |
|
|a кора выветривания
|
| 610 |
1 |
|
|a пески
|
| 610 |
1 |
|
|a песчаники
|
| 610 |
1 |
|
|a глины
|
| 610 |
1 |
|
|a аргиллиты
|
| 610 |
1 |
|
|a глинистые сланцы
|
| 610 |
1 |
|
|a известняки
|
| 610 |
1 |
|
|a мергели
|
| 610 |
1 |
|
|a криолитогенез
|
| 675 |
|
|
|a 552.5(075.8)
|v 3
|
| 700 |
|
1 |
|a Емлин
|b Э. Ф.
|
| 712 |
0 |
2 |
|a Свердловский горный институт им. В. В. Вахрушева
|c (1934-1991)
|2 stltpush
|3 (RuTPU)RU\TPU\col\6743
|9 24264
|
| 801 |
|
1 |
|a RU
|b 63413507
|c 20141014
|
| 801 |
|
2 |
|a RU
|b 63413507
|c 20161213
|g RCR
|
| 942 |
|
|
|c BK
|